Why managing sucks and how to fix it (Record no. 74638)
[ view plain ]
| 000 -LEADER | |
|---|---|
| fixed length control field | 01811nam a2200337 a 4500 |
| 082 04 - DEWEY DECIMAL CLASSIFICATION NUMBER | |
| Classification number | 658.3 |
| 100 1# - MAIN ENTRY--AUTHOR NAME | |
| Personal name | Ressler, Cali. |
| 245 10 - TITLE STATEMENT | |
| Title | Why managing sucks and how to fix it |
| 260 ## - PUBLICATION, DISTRIBUTION, ETC. (IMPRINT) | |
| Place of publication | Hoboken : |
| Name of publisher | Wiley, |
| Year of publication | 2013. |
| 300 ## - PHYSICAL DESCRIPTION | |
| Number of Pages | x, 278 p. |
| 500 ## - GENERAL NOTE | |
| General note | Includes index. |
| 505 0# - FORMATTED CONTENTS NOTE | |
| Formatted contents note | Acknowledgements -- Introduction -- Creating an accountability culture / by Karrin Fink -- Wake up! go beyond telework / by Cali -- The importance of trust / by Bryan Sivak -- Motivate me. No pizza party, please / by Cali -- Down with billable hours, up with results / by Otmara Diaz-Cooper and Todd Cooper President and VP/Creative Director, Diaz & Cooper Advertising -- S.M.A.R.T goals = senseless minutia against random tasks / by Jody -- Focus on what matters / by Greg Watt -- 24/7 kicks 9-5's ass / by Jody -- Epilogue / by Cali -- About the authors. |
| 650 #0 - SUBJECT ADDED ENTRY--TOPICAL TERM | |
| Topical Term | Personnel management. |
| Topical Term | Quality of work life. |
| 700 1# - ADDED ENTRY--PERSONAL NAME | |
| Personal name | Thompson, Jody. |
| 856 40 - ELECTRONIC LOCATION AND ACCESS | |
| Uniform Resource Identifier | http://site.ebrary.com/lib/rucke/Doc?id=10650021 |
No items available.
